000 00354nam a22001577a 4500
003 CEME
005 20210628203205.0
008 210420b xxu||||| |||| 00| 0 eng d
040 _c.
082 _a668.4 PHE'B
100 _aBirkbys, A. T
_963865
245 _aPhenolic plastics
260 _aRAWDOW
_bEVANS
_c1946
300 _a186P
942 _cBK
_2ddc
999 _c572563
_d572563